| 000 | 00640cam a22002171 4500 | ||
|---|---|---|---|
| 001 | sa 68013676 | ||
| 003 | DLC | ||
| 005 | 20260227112623.0 | ||
| 008 | 931123s1963 io 000 0 ind | ||
| 010 | _asa 68013676 | ||
| 025 | _aPL480:Indo-7588 | ||
| 035 | _a(OCoLC)29378395 | ||
| 040 |
_aDLC _cCU _dDLC |
||
| 042 | _apremarc | ||
| 050 | 0 | 0 |
_aL597 _b.C5 1963b |
| 110 | 1 |
_aIndonesia. _bDepartemen Pendidikan Dasar dan Kebudajaan. |
|
| 245 | 1 | 0 | _aPolitik pendidikan dan kebudajaan, Departemen Pendidikan Dasar dan Kebudajaan. |
| 260 |
_aDjakarta, _bBalai Pustaka _c[1963] |
||
| 300 |
_a10 p. _c18 cm. |
||
| 650 | 0 |
_aEducation _zIndonesia. |
|
| 999 |
_c85249 _d85249 |
||